[Event "European Blitz 2017"]
[Site "Katowice POL"]
[Date "2017.12.15"]
[Round "13.91"]
[White "Balazs, Ladislav"]
[Black "Stojcevski, Zoran"]
[Result "0-1"]
[BlackTitle "FM"]
[WhiteElo "2110"]
[BlackElo "2337"]
[WhiteFideId "14931265"]
[BlackFideId "15000192"]
[EventDate "2017.12.15"]
[EventType "blitz"]

1. e4 e5 2. Nf3 Nc6 3. Bb5 Bc5 4. O-O Qf6 5. c3 Nge7 6. b4 Bb6 7. Na3 d6 8. d3
h6 9. Nc4 Bg4 10. Nxb6 axb6 11. h3 Bxf3 12. Qxf3 Qxf3 13. gxf3 g5 14. Bb2 Ng6
15. d4 O-O 16. Rfd1 Nh4 17. Be2 f5 18. b5 Nd8 19. dxe5 dxe5 20. c4 Nf7 21. Rd7
Rfd8 22. Rxd8+ Rxd8 23. Bc3 Kg7 24. a4 Kf6 25. a5 bxa5 26. Rxa5 Ng6 27. exf5 Nf4
28. Kf1 Nxh3 29. Ra7 Rb8 30. c5 Nf4 31. Bc4 h5 32. Kg1 h4 33. Kh2 Nh6 34. c6
bxc6 35. bxc6 Rb1 36. Rxc7 Rc1 37. Rh7 Rxc3 38. Rxh6+ Kxf5 39. Bf1 Rxf3 40. c7
Rxf2+ 41. Kg1 Rc2 42. Rh7 Kg4 43. Rg7 e4 44. Re7 e3 45. Rxe3 Rxc7 46. Re4 Rc2
47. Rb4 h3 48. Bd3 Rd2 49. Bf1 Kh4 50. Ra4 Rb2 51. Rc4 Rd2 52. Ra4 Rb2 53. Rc4
Rb6 54. Ra4 Rb1 55. Ra2 Rc1 56. Rb2 g4 57. Ra2 Nh5 58. Ra4 Ng3 59. Kh2 Nxf1+ 60.
Kg1 Ng3+ 61. Kf2 Rf1+ 62. Ke3 Rf3+ 63. Kd2 h2 0-1

[Event "European Blitz 2017"]
[Site "Katowice POL"]
[Date "2017.12.15"]
[Round "13.93"]
[White "Strejczek, Dariusz"]
[Black "Dudzinski, Pawel"]
[Result "0-1"]
[BlackTitle "FM"]
[WhiteElo "2149"]
[BlackElo "2241"]
[WhiteFideId "1122142"]
[BlackFideId "1117890"]
[EventDate "2017.12.15"]
[EventType "blitz"]

1. d4 f5 2. c4 Nf6 3. Nc3 d6 4. Nf3 g6 5. Qc2 Bg7 6. e4 fxe4 7. Nxe4 Nxe4 8.
Qxe4 Nc6 9. a3 Bf5 10. Qe3 Bg4 11. d5 Bxf3 12. Qxf3 Nd4 13. Qd3 e5 14. Be3 O-O
15. Bxd4 exd4 16. Be2 Qf6 17. O-O Rae8 18. Bg4 Kh8 19. Be6 c5 20. Rae1 b6 21.
Re4 Qg5 22. Qh3 Rf4 23. Rfe1 Ref8 24. Rxf4 Qxf4 25. Qg3 d3 26. Rd1 Bxb2 27. Qxd3
Qxf2+ 28. Kh1 Bd4 29. h3 Be5 30. Bg4 Qf4 31. g3 Qf2 32. Qe2 Qxg3 33. Rg1 Qxa3 0-1

[Event "European Blitz 2017"]
[Site "Katowice POL"]
[Date "2017.12.15"]
[Round "13.94"]
[White "Tomaszewski, Roman"]
[Black "Balaian, Alina"]
[Result "1-0"]
[WhiteTitle "IM"]
[BlackTitle "WIM"]
[WhiteElo "2285"]
[BlackElo "2224"]
[WhiteFideId "1100637"]
[BlackFideId "24115347"]
[EventDate "2017.12.15"]
[EventType "blitz"]

1. c4 e5 2. Nc3 Nc6 3. g3 d6 4. Bg2 Be6 5. d3 Qd7 6. Nd5 Nd8 7. e4 c6 8. Nc3 g6
9. f4 Bg7 10. Nf3 Bh3 11. O-O Bxg2 12. Kxg2 Ne7 13. d4 exd4 14. Nxd4 O-O 15. Be3
d5 16. cxd5 cxd5 17. e5 f6 18. exf6 Bxf6 19. Bf2 Ndc6 20. Re1 Na5 21. Qd3 Rac8
22. Re2 Nc4 23. Rae1 Rf7 24. Rd1 a6 25. Rde1 b5 26. Nd1 Nd6 27. Nf3 Qb7 28. Bd4
Ndf5 29. Bxf6 Rxf6 30. Nd4 Nc6 31. Nxf5 Rxf5 32. Nf2 Qf7 33. Ng4 h5 34. Nh6+ 1-0

[Event "European Blitz 2017"]
[Site "Katowice POL"]
[Date "2017.12.15"]
[Round "13.95"]
[White "Stenner, Patrick"]
[Black "Tate, Alan"]
[Result "1/2-1/2"]
[BlackTitle "FM"]
[WhiteElo "2248"]
[BlackElo "2358"]
[WhiteFideId "4615760"]
[BlackFideId "2401878"]
[EventDate "2017.12.15"]
[EventType "swiss"]

1. e4 e5 2. d4 exd4 3. Nf3 Nc6 4. Nxd4 Nf6 5. Nxc6 bxc6 6. e5 Qe7 7. Qe2 Nd5 8.
c4 Nb6 9. Nc3 Bb7 10. Bf4 O-O-O 11. O-O-O Re8 12. h4 f6 13. exf6 Qf7 14. Qg4
Qxf6 15. Be3 c5 16. Nd5 Nxd5 17. cxd5 Bd6 18. Bb5 Qf7 19. Qc4 Kb8 1/2-1/2

[Event "European Blitz 2017"]
[Site "Katowice POL"]
[Date "2017.12.15"]
[Round "13.96"]
[White "Nasibullin, Iskander"]
[Black "Goluch, Piotr"]
[Result "1-0"]
[BlackTitle "FM"]
[WhiteElo "2088"]
[BlackElo "2308"]
[WhiteFideId "34124273"]
[BlackFideId "1137840"]
[EventDate "2017.12.15"]
[EventType "blitz"]

1. e4 c6 2. c4 d5 3. exd5 cxd5 4. cxd5 Nf6 5. Nc3 g6 6. Qb3 Bg7 7. g3 O-O 8. Bg2
Nbd7 9. d4 Nb6 10. Nge2 e6 11. dxe6 Bxe6 12. Qd1 Nfd5 13. O-O Rc8 14. Ne4 Bg4
15. Bg5 Qe8 16. f3 h6 17. Bd2 Nc4 18. fxg4 Nde3 19. Bxe3 Nxe3 20. Qb3 Nxg2 21.
Qf3 f5 22. Nd6 Qe3+ 23. Kxg2 Qxf3+ 24. Rxf3 Rc2 25. Kf1 fxg4 26. Rxf8+ Bxf8 27.
Ne4 Rxb2 28. Nf6+ Kg7 29. Nxg4 Bd6 30. Ne3 h5 31. Nc4 1-0

[Event "European Blitz 2017"]
[Site "Katowice POL"]
[Date "2017.12.15"]
[Round "13.97"]
[White "Ondrus, Martin"]
[Black "Qorri, Fatmir"]
[Result "1/2-1/2"]
[WhiteElo "2261"]
[BlackElo "2032"]
[WhiteFideId "14913330"]
[BlackFideId "4702107"]
[EventDate "2017.12.15"]
[EventType "blitz"]

1. e4 c5 2. Nf3 Nc6 3. d4 cxd4 4. Nxd4 e5 5. Nb5 d6 6. c4 Nf6 7. N1c3 Be7 8. Be2
a6 9. Na3 O-O 10. O-O Be6 11. Be3 Rc8 12. Rc1 Qa5 13. Qd2 Rfd8 14. f3 h6 15.
Rfd1 Bf8 16. Nc2 Ne7 17. b4 Qc7 18. Nd5 Nfxd5 19. cxd5 Bd7 20. Na3 Qb8 21. Nc4
b5 22. Na5 f5 23. Rxc8 Rxc8 24. Rc1 fxe4 25. fxe4 Be8 26. Rxc8 Qxc8 27. Qc1 Qd8
28. a4 Kh8 29. axb5 axb5 30. Qf1 Bg6 31. Bxb5 Bxe4 32. Nc6 Qa8 33. Nxe7 Bxe7 34.
Bc6 Qa2 35. b5 Bxd5 36. Bxd5 Qxd5 37. Qb1 Qb7 38. b6 d5 39. Qb5 d4 40. Bd2 Bf6
41. Qc5 e4 42. Qc7 Qa6 43. b7 Qa1+ 44. Kf2 e3+ 45. Bxe3 dxe3+ 46. Kxe3 Qd4+ 47.
Ke2 Qe4+ 48. Kf2 Bd4+ 49. Kf1 Qd3+ 50. Ke1 Qe3+ 51. Kd1 Qd3+ 52. Kc1 Be3+ 53.
Kb2 Bd4+ 54. Kc1 Be3+ 55. Kb2 1/2-1/2

[Event "European Blitz 2017"]
[Site "Katowice POL"]
[Date "2017.12.15"]
[Round "13.98"]
[White "Lupik, Marina"]
[Black "Szalanczy, Emil"]
[Result "1-0"]
[WhiteTitle "WIM"]
[BlackTitle "IM"]
[WhiteElo "2190"]
[BlackElo "2201"]
[WhiteFideId "4177495"]
[BlackFideId "700347"]
[EventDate "2017.12.15"]
[EventType "blitz"]

1. e4 c5 2. c3 d6 3. d4 Nf6 4. Bd3 g6 5. Nf3 Bg7 6. O-O O-O 7. h3 Na6 8. Be3
cxd4 9. cxd4 Nb4 10. Nc3 Nxd3 11. Qxd3 Bd7 12. Rac1 Rc8 13. e5 Ne8 14. Rfd1 Qa5
15. a3 a6 16. Bg5 Bf5 17. Qe3 f6 18. exf6 exf6 19. Bf4 Rc7 20. d5 Rcf7 21. Nd4
Bd7 22. Ne4 Qxd5 23. Nf3 Qe6 24. Nxd6 Qxe3 25. Bxe3 Nxd6 26. Rxd6 Bc6 27. Nd4 f5
28. Nxc6 bxc6 29. Rcxc6 Bxb2 30. Rxa6 Rb7 31. Bd4 Bc1 32. Rdb6 Rd7 33. Be5 Re8
34. Rb8 Rxb8 35. Bxb8 Rb7 36. Be5 Re7 37. Bd6 Re6 38. g3 Bxa3 39. Ra8+ Kf7 40.
Bxa3 f4 41. gxf4 h5 42. Kg2 Rc6 43. Ra7+ Ke6 44. Rg7 Kf5 45. Rf7+ Ke4 46. Be7
Rc7 47. Rg7 Rd7 48. Bf6 Rd5 49. Rxg6 Kf5 50. Rg5+ Ke6 51. Rxd5 Kxd5 52. Be5 Ke6
53. Kf3 Kf5 54. Kg3 Kg6 55. Kh4 Kf5 56. Kxh5 Ke4 57. Kg6 Kf3 58. f5 Ke2 59. f6 1-0

[Event "European Blitz 2017"]
[Site "Katowice POL"]
[Date "2017.12.15"]
[Round "13.99"]
[White "Cherepov, Alexej"]
[Black "Smieszek, Wojciech"]
[Result "0-1"]
[WhiteElo "2156"]
[BlackElo "2185"]
[WhiteFideId "13503650"]
[BlackFideId "1156047"]
[EventDate "2017.12.15"]
[EventType "blitz"]

1. d4 Nf6 2. c4 c5 3. Nf3 cxd4 4. Nxd4 Nc6 5. Nc3 g6 6. e4 Bg7 7. Nc2 O-O 8. Be2
d6 9. O-O Be6 10. Be3 Qa5 11. f3 Rfc8 12. Qd2 Nd7 13. Nd4 Nxd4 14. Bxd4 Bxc4 15.
Bxg7 Kxg7 16. Kh1 Bxe2 17. Qxe2 Nf6 18. Rfd1 Rc5 19. a3 Qc7 20. Rd2 Rc8 21. Rad1
a6 22. Qe3 b5 23. Qd4 Kg8 24. Qd3 Qb6 25. Nd5 Nxd5 26. exd5 Rc1 27. h3 Rxd1+ 28.
Rxd1 Qc5 29. Re1 Rc7 30. Re2 Qc4 31. Qxc4 bxc4 32. Rc2 Kg7 33. b3 c3 34. Kg1 Kf6
35. f4 Kf5 36. g3 Ke4 37. Kf2 Kd4 0-1

[Event "European Blitz 2017"]
[Site "Katowice POL"]
[Date "2017.12.15"]
[Round "13.100"]
[White "Gazik, Igor"]
[Black "Nun, Grzegorz"]
[Result "1-0"]
[WhiteTitle "IM"]
[WhiteElo "2257"]
[BlackElo "1868"]
[WhiteFideId "14900149"]
[BlackFideId "1124218"]
[EventDate "2017.12.15"]
[EventType "blitz"]

1. d4 Nf6 2. Nf3 g6 3. g3 Bg7 4. Bg2 d6 5. O-O O-O 6. c4 Nbd7 7. Nc3 e5 8. e3 c6
9. b3 Qe7 10. a4 e4 11. Ng5 Re8 12. Ngxe4 Nxe4 13. Nxe4 Nf6 14. Nxf6+ Qxf6 15.
Ra2 h5 16. Qf3 Qe7 17. h3 Bf5 18. Ba3 Qd7 19. Kh2 Be4 20. Qf4 Bxg2 21. Kxg2 d5
22. Qd6 Qf5 23. Qc7 h4 24. Qf4 Qd3 25. cxd5 Qxb3 26. Raa1 Qxd5+ 27. Qf3 Qg5 28.
Rab1 hxg3 29. Qxg3 Qd5+ 30. Kh2 Qd7 31. h4 Re4 32. Bd6 Bf6 33. Bf4 Kg7 34. Kg2
Rh8 35. Rh1 Rh5 36. f3 Re7 37. Bg5 Qe6 38. Bf4 Qa2+ 39. Qf2 Qxf2+ 40. Kxf2 Bxh4+
41. Kg2 g5 42. Bb8 a6 43. Rb3 Rh6 44. Rhb1 Rhe6 45. e4 g4 46. Rxb7 gxf3+ 47.
Kxf3 Rxe4 48. Be5+ R4xe5 49. dxe5 Rxe5 50. R7b6 Ra5 51. R1b4 Be7 52. Rc4 c5 53.
Rb7 Bd6 54. Ke4 Bf8 55. Kf5 Bd6 56. Rd7 Bh2 57. Rd8 f6 58. Rd7+ Kf8 59. Kxf6 Ke8
60. Ra7 Kd8 61. Rh4 1-0

[Event "European Blitz 2017"]
[Site "Katowice POL"]
[Date "2017.12.15"]
[Round "14.2"]
[White "Jaracz, Pawel"]
[Black "Andriasian, Zaven"]
[Result "0-1"]
[WhiteTitle "GM"]
[BlackTitle "GM"]
[WhiteElo "2465"]
[BlackElo "2585"]
[WhiteFideId "1102222"]
[BlackFideId "13302000"]
[EventDate "2017.12.15"]
[EventType "swiss"]

1. Nf3 d5 2. e3 Nf6 3. c4 g6 4. Nc3 Bg7 5. cxd5 Nxd5 6. Qb3 Nf6 7. d4 O-O 8. Be2
Nbd7 9. O-O c5 10. d5 a6 11. a4 Rb8 12. e4 Qc7 13. Bg5 Re8 14. Rfe1 h6 15. Bh4
Nh5 16. Nd2 Nf4 17. Bf1 Ne5 18. Nc4 Bd7 19. Bg3 g5 20. a5 Nxc4 21. Bxc4 b5 22.
axb6 Rxb6 23. Qc2 Reb8 24. b3 Bb5 25. Bxb5 axb5 26. Rac1 c4 27. Ne2 Rc8 28. Qd2
Be5 29. bxc4 bxc4 30. Rc2 c3 31. Qe3 Rb2 32. Rec1 Rxc2 33. Rxc2 Qb8 34. Bxf4
gxf4 35. Qc1 Qb4 36. Nxf4 Qxe4 37. Ne2 Qxd5 38. h4 Qd3 39. g3 Kg7 40. Kg2 Qe4+
41. f3 Qd3 42. Ng1 Rb8 43. Rf2 Rb2 44. Nh3 Bd4 0-1

[Event "European Blitz 2017"]
[Site "Katowice POL"]
[Date "2017.12.15"]
[Round "14.3"]
[White "Chigaev, Maksim"]
[Black "Navara, David"]
[Result "0-1"]
[WhiteTitle "GM"]
[BlackTitle "GM"]
[WhiteElo "2555"]
[BlackElo "2740"]
[WhiteFideId "4108116"]
[BlackFideId "309095"]
[EventDate "2017.12.15"]
[EventType "blitz"]

1. e4 c6 2. d4 d5 3. exd5 cxd5 4. c3 Nc6 5. Bd3 Nf6 6. Bf4 Bg4 7. Qb3 e5 8. dxe5
Nh5 9. Bg3 Nxg3 10. hxg3 Nxe5 11. Bb5+ Nc6 12. Be2 Bc8 13. Nf3 Bc5 14. O-O O-O
15. Rd1 Qe7 16. Bd3 Qd6 17. Bxh7+ Kxh7 18. Rxd5 Qe7 19. Nbd2 Be6 20. Qc2+ f5 21.
Rxc5 Rf6 22. b4 Rh6 23. Re1 Rh8 24. Nh4 Kg8 25. Ndf3 g5 26. b5 gxh4 27. bxc6
Qxc5 28. cxb7 Kg7 29. Re5 hxg3 0-1

[Event "European Blitz 2017"]
[Site "Katowice POL"]
[Date "2017.12.15"]
[Round "14.5"]
[White "Kovalev, Denis"]
[Black "Kovalenko, Igor"]
[Result "0-1"]
[WhiteTitle "IM"]
[BlackTitle "GM"]
[WhiteElo "2504"]
[BlackElo "2639"]
[WhiteFideId "14104059"]
[BlackFideId "14117908"]
[EventDate "2017.12.15"]
[EventType "swiss"]

1. Nf3 c5 2. c4 Nc6 3. Nc3 g6 4. e3 Bg7 5. d4 d6 6. d5 Ne5 7. Nxe5 Bxe5 8. e4
Nf6 9. Bd3 O-O 10. f4 Bd4 11. Ne2 Bg4 12. h3 Bxe2 13. Qxe2 e6 14. dxe6 fxe6 15.
Be3 e5 16. Bxd4 cxd4 17. fxe5 dxe5 18. g4 Nd7 19. O-O-O Qg5+ 20. Kb1 Rf4 21.
Rhf1 Raf8 22. Rxf4 Qxf4 23. Rf1 Qxf1+ 24. Qxf1 Rxf1+ 25. Bxf1 Nc5 26. Bg2 a5 27.
Kc2 Kf7 28. b3 Ke7 29. g5 Ne6 30. h4 Nf4 31. Bf3 Kd6 32. Kd2 Kc5 33. Kc2 b6 34.
Kb2 Kb4 35. a3+ Kc5 36. a4 Kb4 37. Kc2 d3+ 38. Kb2 Ne6 39. Bg4 Nc5 0-1

[Event "European Blitz 2017"]
[Site "Katowice POL"]
[Date "2017.12.15"]
[Round "14.6"]
[White "Bartel, Mateusz"]
[Black "Dziuba, Marcin"]
[Result "1/2-1/2"]
[WhiteTitle "GM"]
[BlackTitle "GM"]
[WhiteElo "2609"]
[BlackElo "2584"]
[WhiteFideId "1112635"]
[BlackFideId "1112953"]
[EventDate "2017.12.15"]
[EventType "swiss"]

1. e4 c5 2. Nf3 d6 3. d4 cxd4 4. Nxd4 Nf6 5. Nc3 a6 6. g3 e5 7. Nde2 Be7 8. Bg2
O-O 9. O-O b5 10. Nd5 Nxd5 11. Qxd5 Ra7 12. Be3 Rb7 13. Rfd1 Nd7 14. Nc3 b4 15.
Na4 Nf6 16. Qd3 a5 17. a3 bxa3 18. Qxa3 d5 19. Bc5 Bg4 20. exd5 Bxd1 21. d6 Bxd6
22. Bxd6 Rd7 23. Bxf8 Qxf8 24. Qxf8+ Kxf8 25. Nc5 Rd8 26. c3 Rd2 27. b4 axb4 28.
cxb4 Be2 29. Rb1 Bb5 30. Ne4 Nxe4 31. Bxe4 Ke7 32. h4 h6 33. Kg2 g6 34. g4 Ke6
35. Bb7 f5 36. h5 fxg4 37. hxg6 Kf6 38. Be4 h5 39. Rc1 Rd4 40. Rc5 Rxe4 41. Rxb5
Kxg6 42. Rb8 h4 43. b5 Rb4 44. b6 Rb3 45. b7 Kg7 46. Kh2 e4 47. Re8 Rxb7 48.
Rxe4 g3+ 49. fxg3 hxg3+ 50. Kxg3 Rf7 1/2-1/2

[Event "European Blitz 2017"]
[Site "Katowice POL"]
[Date "2017.12.15"]
[Round "14.7"]
[White "Wojtaszek, Radoslaw"]
[Black "Tari, Aryan"]
[Result "0-1"]
[WhiteTitle "GM"]
[BlackTitle "GM"]
[WhiteElo "2736"]
[BlackElo "2593"]
[WhiteFideId "1118358"]
[BlackFideId "1510045"]
[EventDate "2017.12.15"]
[EventType "swiss"]

1. Nf3 Nf6 2. c4 c5 3. Nc3 d5 4. cxd5 Nxd5 5. e3 Nxc3 6. dxc3 Qc7 7. e4 Nc6 8.
Be3 e6 9. Be2 Bd6 10. O-O O-O 11. Qc2 b6 12. h3 Bb7 13. Rad1 Rad8 14. Qc1 Ne7
15. Nd2 Ng6 16. Rfe1 f5 17. exf5 exf5 18. Nf3 h6 19. Qc2 Be4 20. Qb3+ Kh7 21.
Bc1 Nf4 22. Bxf4 Bxf4 23. h4 Rxd1 24. Rxd1 Re8 25. h5 Qe7 26. g3 Bc6 27. Bb5
Bxf3 28. Bxe8 Qxe8 0-1

[Event "European Blitz 2017"]
[Site "Katowice POL"]
[Date "2017.12.15"]
[Round "14.8"]
[White "Piorun, Kacper"]
[Black "Saric, Ivan"]
[Result "1-0"]
[WhiteTitle "GM"]
[BlackTitle "GM"]
[WhiteElo "2651"]
[BlackElo "2669"]
[WhiteFideId "1130420"]
[BlackFideId "14508150"]
[EventDate "2017.12.15"]
[EventType "swiss"]

1. e4 c6 2. d4 d5 3. exd5 cxd5 4. Bd3 Nc6 5. c3 Nf6 6. Bf4 Bg4 7. Nf3 e6 8. O-O
Bd6 9. Bg3 h5 10. h3 Bxf3 11. Qxf3 h4 12. Bxd6 Qxd6 13. Nd2 O-O-O 14. b4 Kb8 15.
b5 Ne7 16. a4 Rc8 17. Rfc1 e5 18. dxe5 Qxe5 19. Bf1 Ng6 20. a5 Qf4 21. Qxf4+
Nxf4 22. c4 dxc4 23. Nxc4 N6d5 24. a6 Rc7 25. axb7 Rxb7 26. Na5 Rd7 27. Nc6+ Ka8
28. Ra3 Rc8 29. Rca1 Rcc7 30. g3 hxg3 31. fxg3 Nh5 32. Bg2 Nhf6 33. g4 g5 34. h4
Nf4 35. b6 Rb7 36. Bf3 N6d5 37. Rxa7+ Rxa7 38. bxa7 Rc7 39. Nb4 Rxa7 40. Bxd5+
Nxd5 41. Rxa7+ Kxa7 42. Nxd5 gxh4 43. Kh2 Kb7 44. Nf6 Kc6 45. Kh3 Kd6 46. Kxh4 1-0

[Event "European Blitz 2017"]
[Site "Katowice POL"]
[Date "2017.12.15"]
[Round "14.10"]
[White "Kislinsky, Alexey"]
[Black "Brunello, Sabino"]
[Result "0-1"]
[WhiteTitle "GM"]
[BlackTitle "GM"]
[WhiteElo "2513"]
[BlackElo "2553"]
[WhiteFideId "14108801"]
[BlackFideId "813613"]
[EventDate "2017.12.15"]
[EventType "blitz"]

1. e4 g6 2. d4 Bg7 3. Nc3 d6 4. f4 a6 5. Bd3 b5 6. Nf3 Bb7 7. e5 Nd7 8. a4 b4 9.
Ne4 c5 10. c3 Nh6 11. O-O O-O 12. exd6 bxc3 13. bxc3 cxd4 14. cxd4 Nf5 15. Rb1
Nxd6 16. Nxd6 Bxf3 17. Qxf3 Bxd4+ 18. Kh1 exd6 19. Rd1 Qf6 20. a5 Nc5 21. Bc4
Rab8 22. Be3 Rxb1 23. Rxb1 Re8 24. Bxd4 Qxd4 25. Qd5 Qxd5 26. Bxd5 Re3 27. h3
Rd3 28. Bc4 Rd4 29. Rc1 Rxf4 30. Kg1 Kg7 31. Bf1 Ra4 32. Rd1 Rxa5 33. Rxd6 Ra1
34. Rc6 Rc1 35. Kh2 Rxf1 36. Rxc5 Rf5 37. Rc6 a5 38. Ra6 h5 39. g4 hxg4 40. hxg4
Rb5 41. Kg3 Kh6 42. Ra8 Kg5 43. Ra7 Rb3+ 44. Kg2 Kxg4 45. Rxf7 Rb2+ 46. Kf1 a4
47. Ra7 Ra2 48. Kg1 g5 49. Ra5 a3 50. Kf1 Kf4 51. Kg1 g4 52. Ra8 Kg3 53. Kf1
Rf2+ 54. Kg1 Rf3 55. Ra4 Rb3 56. Kf1 Kh3 57. Ra8 Rb1+ 58. Kf2 Rb2+ 59. Kg1 a2
60. Ra3+ g3 61. Ra8 Rb1# 0-1

[Event "European Blitz 2017"]
[Site "Katowice POL"]
[Date "2017.12.15"]
[Round "14.11"]
[White "Ponkratov, Pavel"]
[Black "Fedorov, Alexei"]
[Result "1-0"]
[WhiteTitle "GM"]
[BlackTitle "GM"]
[WhiteElo "2613"]
[BlackElo "2573"]
[WhiteFideId "4157800"]
[BlackFideId "13500465"]
[EventDate "2017.12.15"]
[EventType "swiss"]

1. e4 c5 2. Nf3 Nc6 3. Bb5 e6 4. O-O Nge7 5. Re1 Nd4 6. Nxd4 cxd4 7. c3 a6 8.
Bf1 Nc6 9. d3 Bc5 10. a3 a5 11. Nd2 O-O 12. Nf3 d6 13. Qa4 Bd7 14. Qd1 a4 15.
Rb1 e5 16. c4 Na5 17. Nd2 b5 18. cxb5 Bxb5 19. f4 Rc8 20. Nf3 f6 21. f5 Nb3 22.
Nd2 Nxc1 23. Rxc1 Bb6 24. b4 Rc3 25. Nb1 Rb3 26. Kh1 Qa8 27. Qc2 d5 28. exd5
Qxd5 29. Qa2 Qf7 30. Nd2 Rc3 31. Nc4 e4 32. Qb1 Rxc1 33. Qxc1 Bxc4 34. dxc4 d3
35. Rxe4 Rd8 36. Qd2 Qd7 37. g3 Qxf5 38. Rf4 Qe5 39. Bxd3 Be3 40. Bxh7+ Kxh7 41.
Qxd8 Bxf4 42. Qd3+ f5 43. gxf4 Qxf4 44. c5 Qc1+ 45. Kg2 g6 46. Kf2 Qb2+ 47. Kg3
Qc1 48. Qd7+ Kh6 49. Qd3 Qg1+ 50. Kh3 Qc1 51. Kg2 Qb2+ 52. Kg3 Qc1 53. Qf3 Kg5
54. h4+ Kf6 55. Kh3 Kg7 1-0

[Event "European Blitz 2017"]
[Site "Katowice POL"]
[Date "2017.12.15"]
[Round "14.12"]
[White "Arnaudov, G. Petar"]
[Black "Michalik, Peter"]
[Result "1-0"]
[WhiteTitle "GM"]
[BlackTitle "GM"]
[WhiteElo "2439"]
[BlackElo "2557"]
[WhiteFideId "2907127"]
[BlackFideId "14907526"]
[EventDate "2017.12.15"]
[EventType "blitz"]

1. e4 c5 2. Nf3 d6 3. d4 cxd4 4. Qxd4 a6 5. Bg5 Nc6 6. Qe3 Nf6 7. Nc3 e6 8.
O-O-O Be7 9. Kb1 Qc7 10. h4 h6 11. Bf4 e5 12. Bg3 Be6 13. Nd2 Nd4 14. Nb3 Nxb3
15. axb3 Rc8 16. f4 Ng4 17. Qd2 exf4 18. Bxf4 Ne5 19. Nd5 Bxd5 20. exd5 Bf6 21.
Be2 Ng6 22. Bg3 Be5 23. h5 Bxg3 24. hxg6 O-O 25. gxf7+ Qxf7 26. Bg4 Rce8 27. Rh3
Bf4 28. Qd3 Qf6 29. Be6+ Kh8 30. Rf3 Qg5 31. Rdf1 Rf6 32. g3 Be5 33. Rxf6 Bxf6
34. Rf5 Qg6 35. Qf3 Rf8 36. g4 Re8 37. g5 Bxg5 38. Bf7 Re1+ 39. Ka2 Qxf5 40.
Qxf5 Re7 41. Qc8+ 1-0

[Event "European Blitz 2017"]
[Site "Katowice POL"]
[Date "2017.12.15"]
[Round "14.13"]
[White "Schneider, Ilja"]
[Black "Klekowski, Maciej"]
[Result "1-0"]
[WhiteTitle "IM"]
[BlackTitle "IM"]
[WhiteElo "2517"]
[BlackElo "2498"]
[WhiteFideId "4663306"]
[BlackFideId "1132717"]
[EventDate "2017.12.15"]
[EventType "blitz"]

1. d4 Nf6 2. Bg5 d5 3. e3 c5 4. c3 Nc6 5. Nd2 e6 6. Ngf3 Be7 7. Bd3 h6 8. Bh4
Qb6 9. Rb1 Qc7 10. O-O O-O 11. Bg3 Bd6 12. dxc5 Bxg3 13. hxg3 e5 14. e4 Rd8 15.
Qc2 Bg4 16. Rfe1 a5 17. exd5 Rxd5 18. Ne4 Nxe4 19. Bxe4 Rxc5 20. Rbd1 Nd4 21.
Qd2 Nxf3+ 22. gxf3 Be6 23. a3 Bb3 24. Bc2 Bxc2 25. Qxc2 Rd8 26. Rxd8+ Qxd8 27.
Rd1 Rd5 28. Rxd5 Qxd5 29. Kg2 b5 30. b3 Qc5 31. Qb2 Qc6 32. Qd2 g5 33. Qd8+ Kg7
34. Qxa5 g4 35. Qb4 gxf3+ 36. Kh3 e4 37. Qd4+ Kg6 38. c4 bxc4 39. bxc4 Qe6+ 40.
Kh2 Qf5 41. a4 Qh5+ 42. Kg1 f5 43. Qd6+ Kg7 44. Qe7+ Kg8 45. Qh4 Qg6 46. c5 Kf7
47. Qf4 Qe6 48. g4 Qc4 49. Qxf5+ Kg7 50. Kh2 Qc2 51. Kg3 Qb1 52. c6 Qg1+ 53. Kf4
Qc1+ 54. Kxe4 Qxc6+ 55. Qd5 Qc2+ 56. Kxf3 Qxa4 57. Qe5+ Kg8 58. Qe6+ Kg7 59.
Qe5+ Kg8 60. Qe4 Qb3+ 61. Kf4 Kg7 62. Qe5+ Kg8 63. f3 Qa3 64. Kg3 Qc1 65. Qd4
Qe1+ 66. Kf4 Qc1+ 67. Kf5 Qc8+ 68. Kg6 Qc6+ 69. Qf6 Qc2+ 70. Kxh6 Qh2+ 71. Kg5
Qd2+ 72. f4 Qd5+ 73. f5 Kh7 74. Qh6+ Kg8 75. Qe6+ 1-0

[Event "European Blitz 2017"]
[Site "Katowice POL"]
[Date "2017.12.15"]
[Round "14.14"]
[White "Kazakovskiy, Valeriy"]
[Black "Castellanos Rodriguez, Renier"]
[Result "1/2-1/2"]
[WhiteTitle "IM"]
[BlackTitle "IM"]
[WhiteElo "2422"]
[BlackElo "2501"]
[WhiteFideId "13507443"]
[BlackFideId "3404650"]
[EventDate "2017.12.15"]
[EventType "blitz"]

1. d4 Nf6 2. Nf3 e6 3. c4 c5 4. d5 d6 5. Nc3 exd5 6. cxd5 g6 7. Bf4 Bg7 8. Qa4+
Bd7 9. Qb3 Qc7 10. e4 O-O 11. Nd2 Nh5 12. Be3 f5 13. exf5 Bxf5 14. Be2 Nf6 15.
Nc4 Ne4 16. O-O Nxc3 17. bxc3 Nd7 18. Bf4 Bc2 19. Bxd6 Bxb3 20. Bxc7 Bxc4 21.
Bxc4 Bxc3 22. d6+ Kg7 23. Rab1 b6 24. Be6 Nf6 25. d7 Bd4 26. d8=Q Raxd8 27. Bxd8
Rxd8 28. g3 Ne4 29. Kg2 Nd2 30. Rbe1 Nxf1 31. Kxf1 Re8 32. a4 Kf6 33. Bc4 Rxe1+
34. Kxe1 g5 35. Ke2 Ke5 36. Kf3 Bc3 37. Ke3 Be1 38. f4+ gxf4+ 39. gxf4+ Kf6 40.
Ke4 Bf2 41. h3 Bg3 42. Bd3 h6 43. Kf3 Be1 44. Ke4 Ke6 45. Bc4+ Kf6 46. Bd3 Bc3
47. Kd5 Bd4 48. Kc6 Be3 49. Kb7 Bxf4 50. Kxa7 Bc7 51. Kb7 Bd8 52. Kc8 Be7 53.
Kc7 Ke5 54. Kxb6 Kd4 55. Bg6 c4 56. a5 c3 57. a6 Bc5+ 58. Kc6 Kc4 59. Bf7+ Kb4
60. Bg6 Kc4 61. Bf7+ Kb4 62. Bg6 Bg1 63. Kb7 Kb3 64. a7 Bxa7 65. Kxa7 c2 66.
Bxc2+ Kxc2 67. Kb6 Kd3 68. Kc5 Ke4 69. Kc4 Kf3 70. Kd3 Kg3 71. Ke3 Kxh3 72. Kf3 1/2-1/2